000 00439nam a2200181Ia 4500
005 20240808104013.0
008 131103s9999 xx 000 0 und d
040 _aLoreto College
041 _aEnglish
082 _a822
_bTAG
100 _aTagore, Rabindranath
245 4 _aThe Post office
_cRabindranath Tagore
260 _aLondon
_bMacmillan
_c1968
300 _a88P
650 _aEnglish drama
850 _aLCBED
942 _cBK
999 _c29819
_d80298